Normal view
MARC view
- GOGH, VINCENT VAN,
Entry Nombre Personal
001 - NUMERO DE CONTROL
- campo de control: 9781
003 - IDENTIFICADOR DE NUMERO DE CONTROL
- campo de control: UPN
005 - FECHA Y HORA DE LA ÜLTIMA TRANSACCIÓN
- campo de control: 20210219193739.0
008 - DATOS DE LONGITUD FIJA
- campo de control de longitud fija: nabaccnnaabn|||||||||| b |nc|||||d
035 ## - NUMERO DE CONTROL
- Número de control: UPN10000009788
040 ## - FUENTE DE CATALOGACIÓN
- Lenguaje de catalogación: SPA
- Agencia de transcripción: UPN
053 #4 - NÚMERO DE CLASIFICACIÓN LC
- Número de clasificación elemento-número único o número inicial de tramo: ND653 G7
100 1# - ENCABEZAMIENTO - NOMBRE PERSONAL
- Nombre personal: GOGH, VINCENT VAN,
- Fechas asociadas con el nombre: 1853-1890 -
- Subdivisión de forma: CORRESPONDENCIA, MEMORIAS, ETC.
670 ## - FUENTE EN LA QUE SE LOCALIZARON DATOS
- Cita de la fuente: LC/P
902 ## - CATALOGADOR
- Catalogador: MEEG/040608
